000 02438nam0a2200409 4500
001 RU\NLR\BIBL_A\011734396
005 20250630160255.0
020 _aRU
_b16279
_9Сводный каталог листовок первых лет Советской власти (25 октября (7 ноября) 1917 - 1925) Т.5. Листовки советских, партийных, профсоюзных, комсомольских и других организаций Уральской области, автономных областей и республик РСФСР. Ч.2
035 _a(NLR Aleph) 011734396
090 _a11546082
_c11546082
100 _a20180621d1920 |||y0rusy50 ca
101 0 _arus
102 _aRU
105 _ay z 000zy
135 _acrcn 024apada
200 1 _aОбъявление о видах и нормах социального обеспечения
_hвып. 2
_iОбеспечение красноармейцев и их семейств
_e[листовка]
210 _aКазань
_cПервая гос. тип.
_d1920
215 _a1 с. в 4 стб.
_d65х46
300 _aВ надзаг.: Подотд. социального обеспечения Казан. губ. отд. труда и социального обеспечения
325 1 _aКопия доступна в Электронной библиотеке РНБ
607 _aРСФСР
_jЛистовки
_xПолитика и управление
_y1917 - 1925
_92312782
_3RU\NLR\auth\6601609564
607 _aКазанская губерния
_jЛистовки
_xПолитика и управление
_z1917 - 1920
_92486441
_3RU\NLR\AUTH\6601691958
686 0 _aТ3(2)71-313,011
686 0 _aТ3(2Р-8К)71-313,011
852 0 0 _aNLR
_bФЛ
_j31/80
856 0 _uhttps://vivaldi.nlr.ru/ll000011736/view
856 1 _uhttps://vivaldi.nlr.ru/ll000011736/cover
856 2 _uhttps://vivaldi.nlr.ru/ll000011736/text
942 _cBOOK
980 _aNB
981 2 2 _a(22) Материалы по истории России
_b(22) История России с 25 октября (7 ноября) 1917 года
981 2 1 _a(21) Листовки
_b(21) Листовки 1920 года